书目信息 |
| 题名: |
毛泽东的写作艺术
|
|
| 作者: | 姬瑞环, , 姬瑞环 著 | |
| 分册: | ||
| 出版信息: | 北京 时事出版社 2004.03 |
|
| 页数: | 480页 | |
| 开本: | 21cm | |
| 丛书名: | ||
| 单 册: | ||
| 中图分类: | A755 , A841 | |
| 科图分类: | ||
| 主题词: | 毛泽东著作--学习 , 毛泽东著作研究 | |
| 电子资源: | ||
| ISBN: | 7-80009-783-8 | |
| 000 | 00975nam0 2200337 450 | |
| 001 | CAL 012004014835 | |
| 005 | 20050609165646.23 | |
| 010 | @a7-80009-783-8@dCNY 29.00 | |
| 092 | @aCN@b0001701-278 | |
| 092 | @aCN@b人天113-0002 | |
| 099 | @aCAL 012004014835 | |
| 100 | @a20040223d2004 em y0chiy0121 ea | |
| 101 | 0 | @achi |
| 102 | @aCN@b110000 | |
| 105 | @aafh a 000yy | |
| 200 | 1 | @a毛泽东的写作艺术@AMao Ze Dong De Xie Zuo Yi Shu@f姬瑞环著@Fji rui huan zhu |
| 210 | @a北京@c时事出版社@d2004.03 | |
| 215 | @a480页@c图, 肖像, 摹真@d21cm | |
| 320 | @a有书目 (第477-480页) | |
| 600 | 0 | @a毛泽东,@AMao Ze Dong@f1893-1976@x写作@x语言艺术@x研究 |
| 606 | 0 | @a毛泽东著作@x学习 |
| 606 | 0 | @a毛泽东著作研究 |
| 690 | @aA755@v4 | |
| 690 | @aA841@v3 | |
| 700 | 0 | @4著 |
| 701 | 0 | @a姬瑞环,@AJi Rui Huan@f1958-@4著 |
| 701 | 0 | @a姬瑞环@Aji rui huan@4著 |
| 801 | 0 | @aCN@bSXH@c20050609 |
| 905 | @a10447@dA841@eJ037 | |
| 906 | @dCNY29.00@n0@r1 | |
| 998 | @aXH | |
| 毛泽东的写作艺术/姬瑞环著.-北京:时事出版社,2004.03 |
| 480页:图, 肖像, 摹真;21cm |
| ISBN 7-80009-783-8:CNY 29.00 |
| ● |
| 相关链接 |
|
|
|
正题名:毛泽东的写作艺术
索取号:A841/J037
 
预约/预借
| 序号 | 登录号 | 条形码 | 馆藏地/架位号 | 状态 | 备注 |
| 1 | 531365 | 205313659 | 社科库509/509社科库 4排4列5层/ [索取号:A841/J037] | 在馆 | |
| 2 | 531366 | 205313668 | 社科库509/509社科库 4排4列5层/ [索取号:A841/J037] | 在馆 | |
| 3 | 531367 | 205313677 | 社科库509/509社科库 4排4列5层/ [索取号:A841/J037] | 在馆 | |
| 4 | 531368 | 205313686 | 社科库509/509社科库 4排4列5层/ [索取号:A841/J037] | 在馆 | |
| 5 | 531369 | 205313695 | 社科库509/509社科库 4排4列5层/ [索取号:A841/J037] | 在馆 |